| 000 | 00557nam a22002057a 4500 | ||
|---|---|---|---|
| 005 | 20170124110042.0 | ||
| 010 | _a846524 | ||
| 020 | _c00.00 | ||
| 035 | _a846524 | ||
| 037 | _bCen Lib/Ret | ||
| 040 |
_aDPL _bEN |
||
| 082 |
_a921 _bMAH |
||
| 100 |
_aMahadevan, T K _918538 |
||
| 245 |
_aDvija : _cby T K Mahadevan _bprophet unheard / |
||
| 260 |
_bAffilated East West Press _c1977 _aMadras |
||
| 270 |
_bMadras _a4C, Montieth Court _e600008 |
||
| 300 |
_a181p. _c21cm(Hb) |
||
| 650 |
_aBiography _97490 |
||
| 942 |
_2ddc _cEN _h921 _mMAH |
||
| 999 |
_c128588 _d128588 |
||